000 00268nam a2200121Ia 4500
008 190216s9999||||xx |||||||||||||| ||und||
100 _aPradeep Kumar
245 0 _aPrinciples Of Managment
260 _bNull
_c1979
300 _a308p
650 _aCommerce
942 _cBK
999 _c4262
_d4262